Thơ ngụ ngôn La Fontaine
v.v...
Đã lưu trong:
| Tác giả chính: | |
|---|---|
| Định dạng: | Sách |
| Năm xuất bản: |
H.
Văn học
1996
|
| Chủ đề: | |
| Tags: |
Thêm thẻ
Không có thẻ, Hãy là người đầu tiên gắn thẻ bản ghi này!
|
| LEADER | 01372nam a2200217 4500 | ||
|---|---|---|---|
| 082 | |a 841 |b F430T | ||
| 100 | |a Fontaine, Jean De La | ||
| 245 | |a Thơ ngụ ngôn La Fontaine |c La Fontaine, Nguyễn Văn Vĩnh dịch giả | ||
| 260 | |a H. |b Văn học |c 1996 | ||
| 300 | |a 104 tr. |c 21 cm. | ||
| 520 | |a v.v... | ||
| 653 | |a Văn học hiện đại | ||
| 653 | |a Thơ ngụ ngôn | ||
| 653 | |a Pháp | ||
| 942 | |2 ddc |c STK0 | ||
| 999 | |c 8262 |d 8262 | ||
| 952 | |0 0 |1 0 |2 ddc |4 0 |6 841_000000000000000_F430T |7 0 |8 800 |9 69556 |a qbu |b qbu |c D5 |d 2015-04-05 |g 9000 |o 841 F430T |p 8228.c1 |r 0000-00-00 |w 2015-04-05 |y STK0 |0 0 |6 841_000000000000000_F430T | ||
| 952 | |0 0 |1 0 |2 ddc |4 0 |6 841_000000000000000_F430T |7 0 |8 800 |9 69557 |a qbu |b qbu |c D5 |d 2015-04-05 |g 9000 |o 841 F430T |p 8228.c2 |r 0000-00-00 |w 2015-04-05 |y STK0 |0 0 |6 841_000000000000000_F430T | ||
| 952 | |0 0 |1 0 |2 ddc |4 0 |6 841_000000000000000_F430T |7 0 |8 800 |9 69558 |a qbu |b qbu |c D5 |d 2015-04-05 |g 9000 |l 1 |m 1 |o 841 F430T |p 8228.c3 |r 2017-03-01 |s 2017-02-09 |w 2015-04-05 |y STK0 |0 0 |6 841_000000000000000_F430T | ||
| 952 | |0 0 |1 0 |2 ddc |4 0 |6 841_000000000000000_F430T |7 0 |8 800 |9 69559 |a qbu |b qbu |c D5 |d 2015-04-05 |g 9000 |l 1 |o 841 F430T |p 8228.c4 |r 2015-04-17 |s 2015-04-10 |w 2015-04-05 |y STK0 |0 0 |6 841_000000000000000_F430T | ||
| 952 | |0 0 |1 0 |2 ddc |4 0 |6 841_000000000000000_F430T |7 0 |8 800 |9 69560 |a qbu |b qbu |c D5 |d 2015-04-05 |g 9000 |o 841 F430T |p 8228.c5 |r 0000-00-00 |w 2015-04-05 |y STK0 |0 0 |6 841_000000000000000_F430T | ||